| 000 | 01029nam a2200205 i 4500 | ||
|---|---|---|---|
| 001 | 182558 | ||
| 003 | ES-MaACL | ||
| 005 | 20240514173351.0 | ||
| 008 | 130926s1869 sp a | |||||||| | spa d | ||
| 100 | 1 |
_aFulgosio, Fernando. _952994 |
|
| 245 | 1 | 0 |
_aCrónica de la provincia de Valladolid / _cpor Fernando Fulgosio. |
| 260 |
_aMadrid : _bRubio, Grilo y Vitturi, _c1869. |
||
| 300 |
_aVI, 78 p., [4] h. de lám., [1] h. de mapas : _bil. ; _c32 cm. |
||
| 490 | 1 | _aCrónica general de España, ó sea Historia ilustrada y descriptiva de sus provincias, sus poblaciones más importantes de la península y de Ultramar | |
| 651 | 4 |
_aValladolid (Provincia)- _xHistoria. _9153449 |
|
| 651 | 4 |
_aValladolid (Provincia)- _xDescripción. _9153450 |
|
| 830 | 0 |
_aCrónica general de España, o sea Historia ilustrada y descriptiva de sus provincias, sus poblaciones más importantes de la península y posesiones de Ultramar _9224862 |
|
| 852 |
_aES-MaACL _jC-1574(3) _z.- Encuadernado con otras obras |
||
| 999 |
_c182558 _d182558 |
||